01118 a2200241 4500001000700000020001800007040003200025090001300057100002000070245004200090260001300132300003000145362000900175490001500184520045900199650001800658650002700676650002600703650002400729942000700753952009700760999001900857121966 a9781442422742 cEscola Canadense de Niteroi aT2 - ALE aAlexander, Fern10aThe Smurfs: a smurfin' big adventure! aNew York a24 p.c8 x 0.2 x 8 inches0 a20110 aThe smurfs aIt’s the smurfiest night of the year—the Blue Moon Festival—and everyone in Smurf Village is excited! But just as the blue moon begins to rise, the evil wizard Gargamel appears and chases Papa Smurf, Clumsy, Brainy, Gutsy, Grouchy, and Smurfette through a magical portal and into a world they’ve never seen before. Can the Smurfs navigate this strange world and smurf a blue moon to bring them back to their village before Gargamel catches them?  4aGood and evil 4aBooks That Have Movies 4aChildren's Literature 4aAction or Adventure cBK 00104070a80.1b80.1d2024-02-09l0oT2 - ALEpA19669r2024-02-09 21:17:52w2024-02-09yBK c121966d121966